Sabaton Studio Albums - Statistics

General Stats
  • This quiz has been taken 390 times
  • The average score is 7 of 8
Answer Stats
Year of release Answer % Correct
2016 The Last Stand
91%
2014 Heroes
89%
2005 Primo Victoria
85%
2012 Carolus Rex
84%
2008 The Art of War
80%
2010 Coat of Arms
79%
2006 Attero Dominatus
75%
2007 Metalizer
75%
No matching quizzes found
Score Distribution
Percent of People with Each Score
Percentile by Number Answered
Your Score History
You have not taken this quiz